00537 2200157 4500001002100000005001500021008003900036035002000075082002200095084002800117100002200145245010800167260005000275650002500325856002900350INLIS00000000000380720211029021515211029 | | |  a0010-1021000030 a006.707 259 815 6 a006.707 259 815 6 YAN p0 aYANI NOVITAS SARI1 aPERANCANGAN SISTEM INFORMASI ADMINISTRASI SURAT BERBASIS WEB PADA POLDA KOTA JAMBI /cYANI NOVITAS SARI aJambi.; :bUniversitas Adiwangsa Jambi,c2021 aSISTEM INFORMASI WEB aSKRIPSI SISTEM INFORMASI